000 00321 a2200157 4500
001 48257
020 _a978-85-405-0752-4
040 _cAnchieta - Aquarius
100 _aCorentin, Philippe
240 1 0 _aPapai!
_l
245 1 0 _aPapai!
300 _a26
362 0 _a2008
650 4 _aLiteratura infantil
942 _cBK
999 _c48257
_d48257